000 00617nam a2200205 i 4500
001 185769
003 ES-MaACL
005 20230906222520.0
008 160808q1920 gw |||| | ger d
100 0 _aWestheim, Paul.
_9116568
245 1 0 _aIndische Baukunst /
_cmit einem vorwort von Paul Westheim.
250 _a10.-14. Tausend.
260 _aBerlin :
_bE. Wasmuth A. G.,
_c[1920]
300 _a16 p., 48 p. de lám. ;
_c25 cm.
490 1 _aOrbis pictus ;
_v1
650 4 _aArquitectura-
_zIndia.
_9160369
830 0 _aOrbis pictus ;
_v1
_9192388
852 _aES-MaACL
_jG-13357
999 _c185769
_d185769